| 000 | 00754nas a2200229 i 4500 | ||
|---|---|---|---|
| 001 | 1210 | ||
| 003 | ES-MaACL | ||
| 005 | 20250217134057.0 | ||
| 008 | 950801d18431944gw | | 1 ||er d | ||
| 022 | _a9953-7222 | ||
| 080 | _a(051) | ||
| 245 | 0 | 0 |
_aIllustrirte Zeitung _b: wöchentliche Nachrichten über alle Freignisse, Zustände und Persönlichkeiten der Gegenwart. |
| 260 |
_aLeipzig : _bJ.J. Weber, _c1843-1944. |
||
| 300 |
_a94 v. ; _c40 cm. |
||
| 310 | _aSemanal | ||
| 362 | 0 | _aBd. 1, Nr. 1 (1. Juli 1843)- n. 5041 (Sept. 1944) | |
| 500 | _aVariaciones en el subtítulo. | ||
| 650 | 1 | 4 |
_aRevistas de información general. _916896 |
| 852 |
_aES-MaACL _jHem-769 |
||
| 866 | 0 | _o1853-55,1862-1912,(1940-42),(1944). | |
| 999 |
_c1210 _d1210 |
||